1054 1943 1389 1624 1651 1176 1157 1006 1722 1244 1567 1515 1088 1559 1742 1756 1075 1996 1486 1786 1556 1360 1478 1238 1677 1804 1132 1253 1857 1139 1945 1394 1595 1485 1008 1218 1232 1278 1946 1911 1999 1867 1033 1353 1932 1489 1389 1896 1273 1065 1651 1848 1863 1594 1643 1430 1219 1774 1417 1144 1620 1224 1517 1993 1500 1073 1341 1035 1046 1010 1134 1331 1738 1607 1231 1503 1384 1859 1847 1692 1909 1498 1686 1452 1162 1421 1904 1650 1856 1796 1007 1938 1025 1293 1648 1219 1750 1805 1251 BCNSPRNW ULIB Ver.6.0+V

เปลี่ยนเป็นภาษาไทย

Change to English
 แสดงรายละเอียดบรรณานุกรม
  กลับหน้าหลัก

Brief Record : Get Marc (ISO 2709) : E-mail record : QR code < ปิดหน้าต่าง
LEADER : 00000nam 2200000uu 4500
001    13399114481
003     ULIB
008    120404s2551||||th 000 0 tha d
020    ^a9789741034499
090    ^aนว.^bส192จ 2551
100 0  ^aThe Healer of Mars
245 00 ^aใจดวงเซอร์ ๆ มีเธออยู่ในนั้น/^cThe Healer of Mars
250    ^aพิมพ์ครั้งที่ 1
260    ^aกรุงเทพฯ :^bกรีน-ปัญญาญาณ,^c2551
300    ^a230 หน้า
710 1  ^aกรีน-ปัญญาณาณ
945    ^p180^l0^i15323
995    ^aกัณชพร
999    ^aใช้งานได้ทุกระบบ
รายการนี้ยังไม่มีแท็ก
คุณยังไม่ได้ล็อกอิน คุณสามารถมีกิจกรรมร่วมกับเว็บไซต์ได้ แต่ต้องล็อกอินก่อน ::
  ล็อกอิน

รายการสื่อสารสนเทศ

ลำดับที่ ประเภท เลขเรียก/บาร์โค้ด สถานที่ สถานะ
1. วิทยาศาสตร์การแพทย์ และสุขภาพ
วิทยาศาสตร์การแพทย์ และสุขภาพ
นว. ส192จ 2551  
  Barcode: 15323
ห้องสมุดวิทยาเขตสวรรค์ประชารักษ์
►นวนิยาย
บนชั้น
  ขอยืม

BibComment


ยังไม่เคยถูกคอมเมนท์

คอมเมนท์ทรัพยากรรายการนี้
  คอมเมนท์: ใจดวงเซอร์ ๆ มีเ..


 Copyright 2026. Bcnsprnw @Library